[Event "YUG-chT"]
[Site "Budva"]
[Date "2002.??.??"]
[Round "?"]
[White "Cabrilo, Goran"]
[Black "Velimirovic, Dragoljub"]
[Result "1/2-1/2"]
[WhiteElo "2482"]
[BlackElo "2485"]
[PlyCount "120"]
[EventDate "2002.08.??"]
[EventType "team"]
[EventRounds "9"]
[EventCountry "YUG"]
[Source "ChessBase"]
[SourceDate "2002.11.25"]
[WhiteTeamCountry "YUG"]
[BlackTeamCountry "YUG"]

1. e4 c5 2. c3 e6 3. d3 d5 4. Nd2 Nc6 5. Ngf3 Nge7 6. g3 Ng6 7. Bg2 h5 8. O-O
h4 9. exd5 exd5 10. Re1+ Be7 11. d4 hxg3 12. hxg3 cxd4 13. Nxd4 Nxd4 14. cxd4
Bh3 15. Bxh3 Rxh3 16. Qg4 Qd7 17. Qxd7+ Kxd7 18. Nf3 f6 19. Bd2 Rhh8 20. Re3
Rhc8 21. Rae1 Bd6 22. Rb3 b6 23. Bb4 Bxb4 24. Rxb4 Rc2 25. Rb3 Rac8 26. Kf1
R8c6 27. Re2 Rxe2 28. Kxe2 Rc2+ 29. Nd2 Ne7 30. Kd1 Rc8 31. Rd3 Nf5 32. Nf1 Rc4
33. Ne3 Nxe3+ 34. fxe3 Ra4 35. a3 Rc4 36. Rd2 Ke6 37. g4 b5 38. Rh2 Rc7 39. Rh7
Re7 40. Rh8 g5 41. Kd2 Rg7 42. Kd3 Rb7 43. e4 b4 44. exd5+ Kxd5 45. Rd8+ Ke6
46. a4 Rh7 47. Re8+ Kd7 48. Ra8 Kd6 49. Rd8+ Ke6 50. Re8+ Kd7 51. Ra8 Rh2 52.
Rxa7+ Ke6 53. Ra6+ Kf7 54. Rb6 Rxb2 55. a5 Ra2 56. a6 b3 57. d5 f5 58. gxf5 g4
59. Kc3 b2 60. Kc2 g3 1/2-1/2

[Event "YUG-chT"]
[Site "Budva"]
[Date "2002.??.??"]
[Round "?"]
[White "Matulovic, Milan"]
[Black "Velimirovic, Dragoljub"]
[Result "1/2-1/2"]
[WhiteElo "2420"]
[BlackElo "2485"]
[PlyCount "90"]
[EventDate "2002.08.??"]
[EventType "team"]
[EventRounds "9"]
[EventCountry "YUG"]
[Source "ChessBase"]
[SourceDate "2002.11.25"]
[WhiteTeamCountry "YUG"]
[BlackTeamCountry "YUG"]

1. e4 c5 2. Nf3 Nc6 3. d4 cxd4 4. Nxd4 g6 5. c4 Nf6 6. Nc3 d6 7. Be2 Bd7 8. Be3
Rc8 9. f3 a6 10. Qd2 Qa5 11. Rc1 Bg7 12. O-O O-O 13. Rfd1 Rfe8 14. Nb3 Qb4 15.
Nd5 Qxd2 16. Rxd2 Be6 17. Nb6 Rcd8 18. Nd5 Bc8 19. Kf2 Ne5 20. Bb6 Rd7 21. h3
e6 22. Nxf6+ Bxf6 23. Rcd1 Nc6 24. a3 h5 25. f4 Bd8 26. Bxd8 Rexd8 27. c5 dxc5
28. Rxd7 Rxd7 29. Rxd7 Bxd7 30. Nxc5 Bc8 31. e5 Nd4 32. Bd3 h4 33. Ke3 Nf5+ 34.
Bxf5 exf5 35. Nd3 Bd7 36. Ne1 Bc6 37. Nf3 Bxf3 38. gxf3 Kf8 39. Kd4 Ke7 40. Kd5
Kd7 41. a4 a5 42. Kc5 Ke6 43. Kd4 Kd7 44. Kc5 Ke6 45. Kd4 Kd7 {.} 1/2-1/2

[Event "YUG-chT"]
[Site "Budva"]
[Date "2002.??.??"]
[Round "?"]
[White "Strikovic, Aleksa"]
[Black "Velimirovic, Dragoljub"]
[Result "1-0"]
[WhiteElo "2445"]
[BlackElo "2485"]
[PlyCount "47"]
[EventDate "2002.08.??"]
[EventType "team"]
[EventRounds "9"]
[EventCountry "YUG"]
[Source "ChessBase"]
[SourceDate "2002.11.25"]
[WhiteTeamCountry "YUG"]
[BlackTeamCountry "YUG"]

1. e4 c5 2. c3 e6 3. d4 d5 4. exd5 exd5 5. Nf3 Nc6 6. Bb5 Bd6 7. O-O Nge7 8.
dxc5 Bxc5 9. Nbd2 O-O 10. Nb3 Bd6 11. Re1 a6 12. Bd3 Bg4 13. Bxh7+ Kh8 14. Bd3
Bc7 15. Be2 Ng6 16. Ng5 Nf4 17. Bxg4 Qxg5 18. g3 Qg6 19. Bxf4 Bxf4 20. Bh5 Qg5
21. h4 Qf6 22. gxf4 Qxf4 23. Qg4 Qd6 24. Qg3 1-0

[Event "YUG-chT"]
[Site "Budva"]
[Date "2002.??.??"]
[Round "?"]
[White "Velimirovic, Dragoljub"]
[Black "Ilincic, Zlatko"]
[Result "1-0"]
[WhiteElo "2487"]
[BlackElo "2532"]
[PlyCount "87"]
[EventDate "2002.08.??"]
[EventType "team"]
[EventRounds "9"]
[EventCountry "YUG"]
[Source "ChessBase"]
[SourceDate "2002.11.25"]
[WhiteTeamCountry "YUG"]
[BlackTeamCountry "YUG"]

1. e4 c5 2. Nf3 d6 3. d4 cxd4 4. Nxd4 Nf6 5. Nc3 a6 6. Bc4 e6 7. Bb3 Nbd7 8.
Bg5 Nc5 9. Qf3 Be7 10. O-O-O Qa5 11. h4 h6 12. Be3 h5 13. Bg5 Bd7 14. Kb1 Rc8
15. Rhe1 b5 16. e5 dxe5 17. Rxe5 Nxb3 18. axb3 Qc7 19. Rde1 Bc6 20. Qe2 O-O 21.
Nf5 Bd8 22. Nxg7 Ng4 23. Bf4 Nxe5 24. Bxe5 Qe7 25. Nxh5 Qxh4 26. g3 Qg5 27. f4
Qg6 28. g4 f6 29. f5 Qe8 30. Bd6 exf5 31. Qf2 Bb6 32. Qh4 Qg6 33. Bxf8 Rxf8 34.
Re6 fxg4 35. Rxc6 Bd8 36. Nd5 Kf7 37. Nhf4 Qf5 38. Rxa6 Re8 39. Ra7+ Be7 40.
Qe1 Qe5 41. Qxe5 fxe5 42. Ne2 Kf8 43. Nxe7 Rxe7 44. Rxe7 {.} 1-0

[Event "YUG-chT"]
[Site "Budva"]
[Date "2002.??.??"]
[Round "?"]
[White "Velimirovic, Dragoljub"]
[Black "Jeremic, Veljko"]
[Result "0-1"]
[WhiteElo "2485"]
[BlackElo "2490"]
[PlyCount "134"]
[EventDate "2002.08.??"]
[EventType "team"]
[EventRounds "9"]
[EventCountry "YUG"]
[Source "ChessBase"]
[SourceDate "2002.11.25"]
[WhiteTeamCountry "YUG"]
[BlackTeamCountry "YUG"]

1. e4 e6 2. d4 d5 3. Nc3 Nf6 4. Bg5 Be7 5. e5 Nfd7 6. h4 Bxg5 7. hxg5 Qxg5 8.
Qd3 g6 9. Nf3 Qe7 10. O-O-O Nc6 11. Qe3 Nb6 12. Ng5 h5 13. Rh3 Na5 14. b3 Bd7
15. Rf3 Rf8 16. Nh7 Rh8 17. Nf6+ Kd8 18. Qf4 Be8 19. Kb1 a6 20. Qd2 Qb4 21.
Nxe8 Kxe8 22. Ka1 Nc6 23. Qf4 Qe7 24. Nb1 Rd8 25. c3 Nd7 26. Bd3 Rc8 27. Rh1
Nd8 28. g4 c5 29. gxh5 Rxh5 30. Rxh5 gxh5 31. Rh3 Nb8 32. Rxh5 cxd4 33. Qxd4
Nbc6 34. Qg4 Qc5 35. f4 b5 36. f5 Nxe5 37. Qg3 Nxd3 38. Qxd3 Rc7 39. Qg3 Kd7
40. Rh8 Qe7 41. fxe6+ fxe6 42. Qf2 Kc8 43. Qb6 Kd7 44. Qxa6 b4 45. Qa4+ Nc6 46.
Qa8 bxc3 47. Nxc3 Qg7 48. Qe8+ Kd6 49. Qf8+ Qxf8 50. Rxf8 Nd4 51. Kb2 Rg7 52.
Rf2 Nf5 53. a4 d4 54. Ne4+ Ke5 55. Nd2 Nd6 56. Nf3+ Kd5 57. Re2 Nf7 58. a5 e5
59. a6 Rg6 60. Rf2 Nd6 61. a7 Rg8 62. Rh2 Ra8 63. Rh5 Nf7 64. Rh7 Ke6 65. b4
Rxa7 66. Ng5+ Kf6 67. b5 Kxg5 {.} 0-1

[Event "YUG-chT"]
[Site "Budva"]
[Date "2002.??.??"]
[Round "?"]
[White "Velimirovic, Dragoljub"]
[Black "Pavlovic, Milos"]
[Result "1/2-1/2"]
[WhiteElo "2485"]
[BlackElo "2520"]
[PlyCount "45"]
[EventDate "2002.08.??"]
[EventType "team"]
[EventRounds "9"]
[EventCountry "YUG"]
[Source "ChessBase"]
[SourceDate "2002.11.25"]
[WhiteTeamCountry "YUG"]
[BlackTeamCountry "YUG"]

1. e4 c5 2. Nf3 Nc6 3. d4 cxd4 4. Nxd4 Nf6 5. Nc3 e5 6. Ndb5 d6 7. Bg5 a6 8.
Bxf6 gxf6 9. Na3 b5 10. Nd5 Bg7 11. c3 f5 12. g4 fxg4 13. h3 g3 14. fxg3 O-O
15. Qh5 f5 16. Bd3 Be6 17. O-O-O b4 18. Nc2 Bf7 19. Qe2 bxc3 20. Nxc3 Na5 21.
Qg2 Rc8 22. Kb1 Qg5 23. Nd5 {...} 1/2-1/2

[Event "YUG-chT"]
[Site "Budva"]
[Date "2002.??.??"]
[Round "?"]
[White "Velimirovic, Dragoljub"]
[Black "Sedlak, Nikola"]
[Result "1/2-1/2"]
[WhiteElo "2485"]
[BlackElo "2490"]
[PlyCount "60"]
[EventDate "2002.08.??"]
[EventType "team"]
[EventRounds "9"]
[EventCountry "YUG"]
[Source "ChessBase"]
[SourceDate "2002.11.25"]
[WhiteTeamCountry "YUG"]
[BlackTeamCountry "YUG"]

1. e4 c5 2. Nf3 d6 3. d4 cxd4 4. Nxd4 Nf6 5. Nc3 Nc6 6. Bc4 Qb6 7. Nb3 e6 8.
O-O a6 9. a4 Na5 10. Be3 Qc7 11. Nxa5 Qxa5 12. Bb3 Be7 13. f4 Bd7 14. Qf3 Bc6
15. f5 exf5 16. Qg3 Nxe4 17. Qxg7 O-O-O 18. Qxf7 Nxc3 19. bxc3 Qxc3 20. Rae1
Bf6 21. Bd5 Bd4 22. Bxc6 Bxe3+ 23. Kh1 Qxc6 24. Rxe3 Qxc2 25. Ree1 Kb8 26. Re7
Rhg8 27. Qd5 Qc6 28. Qxc6 bxc6 29. Rb1+ Ka8 30. Rbb7 Rge8 1/2-1/2

[Event "YUG-chT playoff"]
[Site "Yugoslavia"]
[Date "2003.01.??"]
[Round "?"]
[White "Pavlovic, Milos"]
[Black "Velimirovic, Dragoljub"]
[Result "1-0"]
[WhiteElo "2524"]
[BlackElo "2487"]
[PlyCount "61"]
[EventDate "2003.01.17"]
[EventType "team"]
[EventRounds "4"]
[EventCountry "YUG"]
[Source "ChessBase"]
[SourceDate "2005.11.24"]
[WhiteTeamCountry "YUG"]
[BlackTeamCountry "YUG"]

1. e4 c5 2. Nf3 Nc6 3. d4 cxd4 4. Nxd4 g6 5. c4 Nf6 6. Nc3 d6 7. Be2 Bg7 8. Be3
Nd7 9. O-O Nc5 10. f4 Bd7 11. Kh1 O-O 12. Qd2 a5 13. Rad1 Na4 14. Ndb5 Nxc3 15.
Nxc3 Nb4 16. Bd4 Bh6 17. a3 Na6 18. e5 Bc6 19. Qe3 Qc8 20. Bf3 Bxf3 21. Qxf3
dxe5 22. Nd5 Qe6 23. Bxe5 Rfe8 24. Rde1 Bf8 25. Bc3 Qf5 26. Re5 Qc2 27. f5 f6
28. Nxf6+ exf6 29. Qd5+ Kg7 30. Qxb7+ Kh6 31. Rxe8 1-0

[Event "YUG-chT playoff"]
[Site "Yugoslavia"]
[Date "2003.01.??"]
[Round "?"]
[White "Velimirovic, Dragoljub"]
[Black "Kalezic, Blazo"]
[Result "1/2-1/2"]
[WhiteElo "2487"]
[BlackElo "2430"]
[PlyCount "63"]
[EventDate "2003.01.17"]
[EventType "team"]
[EventRounds "4"]
[EventCountry "YUG"]
[Source "ChessBase"]
[SourceDate "2005.11.24"]
[WhiteTeamCountry "YUG"]
[BlackTeamCountry "YUG"]

1. e4 d5 2. Nc3 e6 3. d4 Nf6 4. Bg5 Be7 5. e5 Nfd7 6. h4 a6 7. Qg4 Bxg5 8. hxg5
c5 9. O-O-O cxd4 10. Qxd4 Qxg5+ 11. f4 Qe7 12. Nf3 Nc6 13. Qf2 b5 14. Bd3 Bb7
15. Qg3 O-O-O 16. Ne2 g6 17. Rh6 Na5 18. Qh4 Qxh4 19. Rxh4 h5 20. Ng5 Rdf8 21.
g4 Nc5 22. gxh5 gxh5 23. Rdh1 f6 24. exf6 Rxf6 25. Rxh5 Rxh5 26. Rxh5 Nc6 27.
Kd2 b4 28. Nf3 Kc7 29. Ke3 a5 30. Ned4 Nxd4 31. Nxd4 a4 32. b3 1/2-1/2

[Event "YUG-chT playoff"]
[Site "Yugoslavia"]
[Date "2003.01.??"]
[Round "?"]
[White "Velimirovic, Dragoljub"]
[Black "Pavlovic, Milos"]
[Result "0-1"]
[WhiteElo "2487"]
[BlackElo "2524"]
[PlyCount "58"]
[EventDate "2003.01.17"]
[EventType "team"]
[EventRounds "4"]
[EventCountry "YUG"]
[Source "ChessBase"]
[SourceDate "2005.11.24"]
[WhiteTeamCountry "YUG"]
[BlackTeamCountry "YUG"]

1. e4 c5 2. Nf3 Nc6 3. d4 cxd4 4. Nxd4 Nf6 5. Nc3 e5 6. Ndb5 d6 7. Bg5 a6 8.
Bxf6 gxf6 9. Na3 b5 10. Nd5 Bg7 11. c3 f5 12. exf5 Bxf5 13. Nc2 O-O 14. Nce3
Be6 15. Bd3 f5 16. Qh5 e4 17. Bc2 Ne7 18. O-O-O b4 19. f3 Nxd5 20. Nxd5 bxc3
21. fxe4 cxb2+ 22. Kb1 Rc8 23. Rd2 Kh8 24. Rhd1 Qa5 25. Qe2 fxe4 26. Qxe4 Bf5
27. Qe2 Rce8 28. Ne3 Bxc2+ 29. Rxc2 Qg5 0-1

[Event "SCG-chT"]
[Site "Budva"]
[Date "2003.??.??"]
[Round "1.12"]
[White "Zivanic, Marko"]
[Black "Velimirovic, Dragoljub"]
[Result "1/2-1/2"]
[WhiteElo "2415"]
[BlackElo "2471"]
[PlyCount "52"]
[EventDate "2003.09.??"]
[EventType "team"]
[EventRounds "11"]
[EventCountry "YUG"]
[Source "ChessBase"]
[SourceDate "2003.10.22"]
[WhiteTeamCountry "YUG"]
[BlackTeamCountry "YUG"]

1. d4 Nf6 2. c4 c5 3. d5 g6 4. Nc3 Bg7 5. e4 O-O 6. Nf3 d6 7. h3 a6 8. a4 e6 9.
Bd3 Re8 10. O-O Nbd7 11. Re1 e5 12. a5 Nh5 13. Bg5 Qc7 14. Qd2 Rb8 15. Reb1 b6
16. axb6 Rxb6 17. Na4 Rb4 18. Ne1 Nf4 19. Kf1 h6 20. Bh4 Nb6 21. Nxb6 Qxb6 22.
Ra2 f5 23. Nc2 Rb3 24. Na1 Rb4 25. Nc2 Rb3 26. Na1 Rb4 1/2-1/2

[Event "SCG-chT"]
[Site "Budva"]
[Date "2003.??.??"]
[Round "2.62"]
[White "Radibratovic, Predrag"]
[Black "Velimirovic, Dragoljub"]
[Result "0-1"]
[WhiteElo "2328"]
[BlackElo "2471"]
[PlyCount "44"]
[EventDate "2003.09.??"]
[EventType "team"]
[EventRounds "11"]
[EventCountry "YUG"]
[Source "ChessBase"]
[SourceDate "2003.10.22"]
[WhiteTeamCountry "YUG"]
[BlackTeamCountry "YUG"]

1. e4 c5 2. Nf3 Nc6 3. Bb5 g6 4. O-O Bg7 5. Bxc6 bxc6 6. e5 f6 7. Re1 fxe5 8.
Nxe5 Nf6 9. Qe2 O-O 10. Nc3 e6 11. d3 d6 12. Nc4 Nh5 13. Bd2 Rb8 14. Rab1 Rb7
15. f3 Bd4+ 16. Be3 d5 17. Nd2 Nf4 18. Qf2 Bxe3 19. Qxe3 d4 20. Qf2 dxc3 21.
bxc3 Rxb1 22. Rxb1 Qa5 0-1

[Event "SCG-chT"]
[Site "Budva"]
[Date "2003.??.??"]
[Round "3.22"]
[White "Velimirovic, Dragoljub"]
[Black "Vulinovic, Radivoje"]
[Result "1-0"]
[WhiteElo "2471"]
[BlackElo "2224"]
[PlyCount "51"]
[EventDate "2003.09.??"]
[EventType "team"]
[EventRounds "11"]
[EventCountry "YUG"]
[Source "ChessBase"]
[SourceDate "2003.10.22"]
[WhiteTeamCountry "YUG"]
[BlackTeamCountry "YUG"]

1. e4 e5 2. Nf3 Nf6 3. Nxe5 d6 4. Nf3 Nxe4 5. c4 Nc6 6. Nc3 Nxc3 7. dxc3 Bf5 8.
Bf4 Be7 9. Qd2 O-O 10. O-O-O Bf6 11. Rg1 Bg6 12. g4 Ne5 13. Be2 Nxf3 14. Bxf3
Qd7 15. b3 a5 16. a4 Rab8 17. Kb2 Rfe8 18. Rge1 Rxe1 19. Rxe1 h6 20. c5 b5 21.
cxd6 c5 22. Be5 bxa4 23. Bxf6 Rxb3+ 24. Ka2 Qb5 25. Re8+ Kh7 26. Rh8+ 1-0

[Event "SCG-chT"]
[Site "Budva"]
[Date "2003.??.??"]
[Round "5.32"]
[White "Velimirovic, Dragoljub"]
[Black "Abramovic, Bosko"]
[Result "1/2-1/2"]
[WhiteElo "2471"]
[BlackElo "2474"]
[PlyCount "33"]
[EventDate "2003.09.??"]
[EventType "team"]
[EventRounds "11"]
[EventCountry "YUG"]
[Source "ChessBase"]
[SourceDate "2003.10.22"]
[WhiteTeamCountry "YUG"]
[BlackTeamCountry "YUG"]

1. e4 e5 2. Nf3 Nc6 3. Bb5 Nf6 4. O-O Nxe4 5. d4 Nd6 6. Bxc6 dxc6 7. dxe5 Nf5
8. Qxd8+ Kxd8 9. Nc3 Ne7 10. Rd1+ Ke8 11. Nd4 Bg4 12. f3 Bd7 13. Re1 Nd5 14.
Nxd5 cxd5 15. Be3 c5 16. Ne2 d4 17. Bf2 1/2-1/2

[Event "SCG-chT"]
[Site "Budva"]
[Date "2003.??.??"]
[Round "6.42"]
[White "Kosic, Dragan"]
[Black "Velimirovic, Dragoljub"]
[Result "1-0"]
[WhiteElo "2512"]
[BlackElo "2471"]
[PlyCount "79"]
[EventDate "2003.09.??"]
[EventType "team"]
[EventRounds "11"]
[EventCountry "YUG"]
[Source "ChessBase"]
[SourceDate "2003.10.22"]
[WhiteTeamCountry "YUG"]
[BlackTeamCountry "YUG"]

1. d4 g6 2. e4 Bg7 3. c4 d6 4. Nf3 Nf6 5. Nc3 O-O 6. Be3 c5 7. d5 e6 8. h3 exd5
9. exd5 b5 10. cxb5 Re8 11. Be2 Ne4 12. Nxe4 Rxe4 13. O-O a6 14. a4 axb5 15.
axb5 Rxa1 16. Qxa1 Bb7 17. Rd1 Nd7 18. Nd2 Rb4 19. Nc4 Nf6 20. Bd2 Rxb5 21. Qa4
Qe8 22. Nxd6 Qxe2 23. Nxb5 Nxd5 24. Nc3 Nxc3 25. Bxc3 Bxc3 26. bxc3 Kg7 27. Rb1
Bd5 28. Qf4 h6 29. Qe3 Qxe3 30. fxe3 c4 31. Rb5 Be4 32. Rc5 Bd3 33. e4 Kf6 34.
Kf2 Bxe4 35. Rxc4 Ke5 36. g3 f5 37. Rc5+ Kd6 38. Ra5 g5 39. Ke3 h5 40. h4 1-0

[Event "SCG-chT"]
[Site "Budva"]
[Date "2003.??.??"]
[Round "7.42"]
[White "Velimirovic, Dragoljub"]
[Black "Brenjo, Slavisa"]
[Result "1/2-1/2"]
[WhiteElo "2471"]
[BlackElo "2424"]
[PlyCount "50"]
[EventDate "2003.09.??"]
[EventType "team"]
[EventRounds "11"]
[EventCountry "YUG"]
[Source "ChessBase"]
[SourceDate "2003.10.22"]
[WhiteTeamCountry "YUG"]
[BlackTeamCountry "YUG"]

1. e4 e5 2. Nf3 Nc6 3. Bb5 a6 4. Ba4 Nf6 5. O-O Be7 6. Re1 b5 7. Bb3 O-O 8. c3
d5 9. exd5 Nxd5 10. Nxe5 Nxe5 11. Rxe5 c6 12. d4 Bd6 13. Re1 Qh4 14. g3 Qh3 15.
Be3 Bg4 16. Qd3 Rae8 17. Nd2 Re6 18. a4 b4 19. Bg5 bxc3 20. bxc3 h6 21. Rxe6
fxe6 22. Be3 Bf5 23. Qe2 Bg4 24. Qd3 Bf5 25. Qe2 Bg4 1/2-1/2

[Event "SCG-chT"]
[Site "Budva"]
[Date "2003.??.??"]
[Round "8.32"]
[White "Sedlak, Nikola"]
[Black "Velimirovic, Dragoljub"]
[Result "1-0"]
[WhiteElo "2528"]
[BlackElo "2471"]
[PlyCount "99"]
[EventDate "2003.09.??"]
[EventType "team"]
[EventRounds "11"]
[EventCountry "YUG"]
[Source "ChessBase"]
[SourceDate "2003.10.22"]
[WhiteTeamCountry "YUG"]
[BlackTeamCountry "YUG"]

1. e4 c5 2. Nf3 d6 3. Bc4 Nf6 4. d3 Nc6 5. c3 a6 6. Bb3 g6 7. O-O Bg7 8. Re1
O-O 9. h3 e5 10. Bg5 h6 11. Bxf6 Qxf6 12. Nbd2 Qd8 13. Nc4 Kh7 14. a4 b6 15.
Ne3 Ra7 16. Bd5 Bd7 17. Rb1 Ne7 18. b4 Nxd5 19. Nxd5 Be6 20. bxc5 bxc5 21. Qb3
f5 22. Qb6 Qd7 23. Nd2 Rf7 24. Nc4 Bf8 25. Qb8 Bxd5 26. Nb6 Qe7 27. Nxd5 Qh4
28. f3 h5 29. Re2 Rad7 30. Qe8 Bg7 31. a5 Qg5 32. Reb2 c4 33. dxc4 fxe4 34.
fxe4 Qh4 35. Re2 Ra7 36. Qe6 Rf8 37. Qxd6 Raf7 38. Qb6 Bh6 39. Qb2 Qg3 40. c5
Bg5 41. c6 Bd8 42. Re3 Qg5 43. Qe2 Bxa5 44. Rb7 Kh6 45. Rxf7 Rxf7 46. Kh2 Bd8
47. Rf3 Rh7 48. Qxa6 h4 49. Qc8 Ra7 50. c7 1-0

[Event "SCG-chT"]
[Site "Budva"]
[Date "2003.??.??"]
[Round "9.52"]
[White "Velimirovic, Dragoljub"]
[Black "Marjanovic, Slavoljub"]
[Result "0-1"]
[WhiteElo "2471"]
[BlackElo "2511"]
[PlyCount "94"]
[EventDate "2003.09.??"]
[EventType "team"]
[EventRounds "11"]
[EventCountry "YUG"]
[Source "ChessBase"]
[SourceDate "2003.10.22"]
[WhiteTeamCountry "YUG"]
[BlackTeamCountry "YUG"]

1. e4 c5 2. Nf3 d6 3. d4 cxd4 4. Nxd4 Nf6 5. Nc3 a6 6. Bc4 e6 7. Bb3 b5 8. Qf3
Bb7 9. Bg5 h6 10. Qh3 Nc6 11. O-O-O Qc7 12. Nxc6 Bxc6 13. Bxf6 gxf6 14. Rhe1
Be7 15. Qh5 Kf8 16. f4 b4 17. Ne2 Bxe4 18. f5 Bxf5 19. Nd4 Qc5 20. Qf3 Rc8 21.
g4 Bxg4 22. Qxg4 Qg5+ 23. Qxg5 hxg5 24. Re2 d5 25. Rf1 Rh4 26. Nxe6+ fxe6 27.
Rxe6 Rxh2 28. Rxa6 d4 29. Ra5 Kg7 30. Ra7 Re2 31. Kd1 Re5 32. Re1 Rxe1+ 33.
Kxe1 Kf8 34. Ke2 Rc5 35. Kd3 Re5 36. Ra8+ Kg7 37. Kxd4 Bc5+ 38. Kd3 f5 39. a4
bxa3 40. bxa3 f4 41. Rc8 f3 42. Bc4 Bxa3 43. Rc7+ Be7 44. Kd4 Re1 45. Kd5 g4
46. Bd3 g3 47. Be4 g2 0-1

[Event "SCG-chT"]
[Site "Budva"]
[Date "2003.??.??"]
[Round "10.22"]
[White "Popovic, Petar"]
[Black "Velimirovic, Dragoljub"]
[Result "1-0"]
[WhiteElo "2503"]
[BlackElo "2471"]
[PlyCount "76"]
[EventDate "2003.09.??"]
[EventType "team"]
[EventRounds "11"]
[EventCountry "YUG"]
[Source "ChessBase"]
[SourceDate "2003.10.22"]
[WhiteTeamCountry "YUG"]
[BlackTeamCountry "YUG"]

1. e4 g6 2. d4 Bg7 3. Nc3 d6 4. Be3 Nf6 5. f3 c6 6. Qd2 b5 7. a4 bxa4 8. Rxa4
O-O 9. Bd3 Nbd7 10. Nge2 c5 11. dxc5 Nxc5 12. Ra3 Nxd3+ 13. cxd3 a6 14. O-O Rb8
15. Kh1 e6 16. d4 Nd7 17. Bg5 f6 18. Bh4 Nb6 19. b3 Qe7 20. Raa1 Nd7 21. Rab1
Bb7 22. Rfd1 Rbc8 23. Rbc1 Rfd8 24. Re1 Qf7 25. Bg3 Nf8 26. Na4 e5 27. Rxc8
Rxc8 28. Nb6 Rc7 29. Nc4 Qe6 30. d5 Qe7 31. Qb4 Rd7 32. Rc1 f5 33. Nb6 Rd8 34.
h3 Bh6 35. Rc2 Be3 36. Nc4 Bc5 37. Qe1 Nd7 38. b4 Ba7 1-0

[Event "SCG-chT"]
[Site "Budva"]
[Date "2003.??.??"]
[Round "11.62"]
[White "Velimirovic, Dragoljub"]
[Black "Jeremic, Veljko"]
[Result "1/2-1/2"]
[WhiteElo "2471"]
[BlackElo "2467"]
[PlyCount "136"]
[EventDate "2003.09.??"]
[EventType "team"]
[EventRounds "11"]
[EventCountry "YUG"]
[Source "ChessBase"]
[SourceDate "2003.10.22"]
[WhiteTeamCountry "YUG"]
[BlackTeamCountry "YUG"]

1. e4 e5 2. Nf3 Nc6 3. Bb5 a6 4. Ba4 Nf6 5. Bxc6 dxc6 6. d3 Nd7 7. Nbd2 Bd6 8.
Nc4 O-O 9. O-O c5 10. a4 Re8 11. Bg5 f6 12. Be3 Nb8 13. Nh4 Nc6 14. Nf5 Bf8 15.
Qg4 Be6 16. Nh6+ Kh8 17. Qxe6 Rxe6 18. Nf7+ Kg8 19. Nxd8 Rxd8 20. a5 Nb4 21.
Rfc1 b5 22. axb6 cxb6 23. Bd2 a5 24. Kf1 Rd7 25. g3 Be7 26. Bxb4 cxb4 27. Ne3
b3 28. Ke2 bxc2 29. Rxc2 Bc5 30. Nc4 Bd4 31. Nd2 Bc5 32. Rd1 g6 33. Nc4 Bd4 34.
Na3 Bc5 35. Nb5 f5 36. Nc3 fxe4 37. Nxe4 Bd4 38. Rc8+ Kg7 39. b3 Ree7 40. Rdc1
b5 41. Ra8 Ra7 42. Rxa7 Rxa7 43. Nd6 b4 44. Nb5 Ra6 45. Rc4 Bb2 46. Rc7+ Kf6
47. Rxh7 a4 48. bxa4 Rxa4 49. Rh4 Ra2 50. Kf3 Bc3 51. Nxc3 bxc3 52. Rc4 c2 53.
h4 Ke6 54. Ke3 Kd5 55. Rc8 Rb2 56. f3 Ra2 57. g4 Rb2 58. Rc7 Ra2 59. Rc3 Rb2
60. Rc4 Ra2 61. Rc8 Rb2 62. Rc7 Ra2 63. Rc8 Rb2 64. f4 exf4+ 65. Kxf4 Kd4 66.
h5 gxh5 67. gxh5 Rb4 68. Rxc2 Kxd3+ 1/2-1/2

[Event "SCG-chT1 Central"]
[Site "Vrnjacka Banja"]
[Date "2004.09.25"]
[Round "1.1"]
[White "Velimirovic, Dragoljub"]
[Black "Lupulescu, Constantin"]
[Result "1-0"]
[WhiteElo "2458"]
[BlackElo "2555"]
[PlyCount "80"]
[EventDate "2004.09.25"]
[EventType "team"]
[EventRounds "11"]
[EventCountry "YUG"]
[Source "ChessBase"]
[SourceDate "2004.11.03"]
[WhiteTeam "01"]
[BlackTeam "04"]
[WhiteTeamCountry "YUG"]
[BlackTeamCountry "YUG"]

1. e4 c5 2. Nf3 d6 3. d4 cxd4 4. Nxd4 Nf6 5. Nc3 Nc6 6. Bc4 e6 7. Be3 a6 8. Bb3
Qc7 9. f4 Na5 10. f5 e5 11. Nf3 Nxb3 12. axb3 b5 13. Bg5 b4 14. Nd5 Nxd5 15.
Qxd5 Bb7 16. Qd3 Qc6 17. Nd2 Rc8 18. O-O Qxc2 19. Qxc2 Rxc2 20. Rfc1 Rxc1+ 21.
Rxc1 Kd7 22. Nc4 f6 23. Nb6+ Ke8 24. Bd2 d5 25. Nxd5 Bxd5 26. exd5 Be7 27. Rc7
g6 28. g4 gxf5 29. gxf5 Rg8+ 30. Kf2 Rg4 31. Be3 Rh4 32. Kg3 Rh5 33. Rc1 Kf7
34. Rf1 Bf8 35. h4 Bh6 36. Bxh6 Rxh6 37. Kg4 Ke7 38. Ra1 e4 39. Re1 Kd6 40.
Rxe4 Kc7 1-0

[Event "SCG-chT1 Central"]
[Site "Vrnjacka Banja"]
[Date "2004.09.26"]
[Round "2.1"]
[White "Tosic, Miroslav"]
[Black "Velimirovic, Dragoljub"]
[Result "1-0"]
[WhiteElo "2481"]
[BlackElo "2458"]
[PlyCount "56"]
[EventDate "2004.09.25"]
[EventType "team"]
[EventRounds "11"]
[EventCountry "YUG"]
[Source "ChessBase"]
[SourceDate "2004.11.03"]
[WhiteTeam "09"]
[BlackTeam "01"]
[WhiteTeamCountry "YUG"]
[BlackTeamCountry "YUG"]

1. d4 Nf6 2. e3 g6 3. Nf3 Bg7 4. b4 a5 5. b5 c5 6. bxc6 bxc6 7. Ba3 Na6 8. c3
O-O 9. Nbd2 d6 10. Bc4 Nc7 11. O-O Nb5 12. Bb2 Rb8 13. Qc2 Bf5 14. Qc1 a4 15.
Re1 Qa5 16. a3 c5 17. dxc5 d5 18. Bf1 Rfc8 19. Nd4 Na7 20. c4 Qxc5 21. Nxf5
gxf5 22. Be5 Rb7 23. Rb1 Rxb1 24. Qxb1 Nc6 25. Bxf6 Bxf6 26. Qxf5 Na7 27. cxd5
Qc2 28. Ne4 Bg7 1-0

[Event "SCG-chT1 Central"]
[Site "Vrnjacka Banja"]
[Date "2004.09.26"]
[Round "3.2"]
[White "Radibratovic, Predrag"]
[Black "Velimirovic, Dragoljub"]
[Result "0-1"]
[WhiteElo "2320"]
[BlackElo "2458"]
[PlyCount "112"]
[EventDate "2004.09.25"]
[EventType "team"]
[EventRounds "11"]
[EventCountry "YUG"]
[Source "ChessBase"]
[SourceDate "2004.11.03"]
[WhiteTeam "11"]
[BlackTeam "01"]
[WhiteTeamCountry "YUG"]
[BlackTeamCountry "YUG"]

1. e4 c5 2. Nf3 Nc6 3. Bb5 g6 4. O-O Bg7 5. Re1 e5 6. Bxc6 dxc6 7. d3 Qe7 8. a4
Nf6 9. a5 Nd7 10. Nbd2 Nf8 11. Nc4 Bg4 12. h3 Bxf3 13. Qxf3 Ne6 14. b3 O-O 15.
Bb2 Nd4 16. Bxd4 cxd4 17. Qg3 Qc7 18. Rf1 b5 19. axb6 axb6 20. Qh4 b5 21. Nd2
Qd6 22. Nf3 Qc5 23. Rxa8 Rxa8 24. Rc1 h6 25. Ne1 Bf8 26. f4 exf4 27. Qxf4 Ra2
28. Nf3 Bg7 29. e5 Qd5 30. b4 g5 31. Qf5 Ra4 32. Qc8+ Bf8 33. Re1 Qe6 34. Qxe6
fxe6 35. Nxd4 Bxb4 36. Re4 Bc5 37. c3 Bxd4+ 38. cxd4 Kf7 39. Kf2 Ra2+ 40. Kf3
Rd2 41. Re1 Rxd3+ 42. Ke4 Rc3 43. Rf1+ Ke7 44. Rf6 h5 45. Rh6 h4 46. Rh7+ Kd8
47. Rh6 b4 48. Rh7 Kc8 49. Ra7 b3 50. Ra4 Kc7 51. Rb4 Rg3 52. d5 cxd5+ 53. Kd4
g4 54. Kc5 Rxg2 55. Rxb3 Re2 56. Kd4 Re4+ 0-1